Normal view MARC view

Entry Nombre personal

Number of records used in: 3

001 - NÚMERO DE CONTROL

  • campo de control: 100237

003 - IDENTIFICADOR DE NÚMERO DE CONTROL

  • campo de control: SpMaBN

005 - FECHA Y HORA DE LA ÚLTIMA TRANSACCIÓN

  • campo de control: 20230802191931.0

008 - ELEMENTOS DE DATO DE LONGITUD-FIJA

  • campo de control de longitud fija: 960314n| aijnnaabn |n aaa

016 ## - NÚMERO DE CONTROL DE UNA AGENCIA BIBLIOGRÁFICA NACIONAL

  • Número de control del registro: BNE19960246204

024 7# - IDENTIFICADOR DE OTROS ESTÁNDARES

  • Número estándar o código: http://viaf.org/viaf/88022725/
  • Fuente: viaf

024 7# - IDENTIFICADOR DE OTROS ESTÁNDARES

  • Número estándar o código: https://isni.org/isni/0000000060920272
  • Fuente: isni

024 7# - IDENTIFICADOR DE OTROS ESTÁNDARES

  • Número estándar o código: http://www.wikidata.org/entity/Q11177467
  • Fuente: wikidata

040 ## - FUENTE DE CATALOGACIÓN

  • Centro catalogador/agencia de origen: SpMaBN
  • Lengua de catalogación: spa
  • Centro/agencia transcriptor: SpMaBN
  • Normas de descripción: rdc
  • Convención/Normas de encabezamiento de materia/tesauro: embne

046 ## - FECHAS CON CODIFICACIÓN ESPECIAL

  • Fecha de nacimiento: 1868
  • Fecha de la muerte: 1943

100 1# - ENCABEZAMIENTO-NOMBRE DE PERSONA

  • Nombre de persona: Royo Villanova, Ricardo,
  • Fechas asociadas al nombre: 1868-1943

370 ## - LUGAR ASOCIADO

  • Lugar de nacimiento: Zaragoza
  • Número de control del registro de autoridad o número normalizado: XX450694
  • Fuente de información: Wikidata

373 ## - GRUPO ASOCIADO

  • Grupo asociado: Real Academia de la Historia
  • Fuente de información: Wikidata

374 ## - OCUPACIÓN

  • Ocupación: Politicos
  • Fuente de información: Wikidata

375 ## - GÉNERO/SEXO

  • Género: Masculino

377 ## - IDIOMA ASOCIADO

  • Término de lengua/lenguaje: Español

400 1# - TRAZADO DE VÉASE--NOMBRE DE PERSONA

  • Nombre de persona: Royo-Villanova, Ricardo,
  • Fechas asociadas al nombre: 1868-1943

670 ## - FUENTE DE DATOS ENCONTRADOS

  • Cita de la fuente: Velada necrológica en honor del Dr. D. Ricardo Royo Villanova, 1971
  • Información encontrada: port. (celebrada en el Centro Mercantil el 18 de enero de 1944)

670 ## - FUENTE DE DATOS ENCONTRADOS

  • Cita de la fuente: Dic. de autoridades médicas, 1963
  • Información encontrada: (Royo Villanova, Ricardo; n. Zaragoza el 15 en. 1868)

670 ## - FUENTE DE DATOS ENCONTRADOS

  • Cita de la fuente: Dic. enc. Espasa
  • Información encontrada: (Royo-Villanova, Ricardo; médico y escritor; n,. y m. Zaragoza, 1868-1943)